| 000 | 00720nam a2200193 i 4500 | ||
|---|---|---|---|
| 001 | 73444 | ||
| 003 | ES-MaACL | ||
| 005 | 20230906171818.0 | ||
| 007 | t| | ||
| 008 | 041013s1985 ag ||||1| spa d | ||
| 080 | _a34(460)"04/14" | ||
| 100 | 1 |
_aBenito Ruano, Eloy. _927689 |
|
| 245 | 1 | 0 |
_aLocvs appellacionis / _cEloy Benito Ruano. |
| 260 |
_aBuenos Aires : _bFacultad de Filosofía y Letras, _c1985. |
||
| 300 |
_ap. 303-313 : _bil. ; _c26 cm. |
||
| 500 | _aSeparata de: Estudios en homenaje a don Claudio Sánchez Albornoz en sus 90 años, III Anejos Cuadernos de Historia de España, Instituto de Historia de España. | ||
| 650 | 1 | 4 |
_aDerecho- _zEspaña- _yS.V-XV. _911617 |
| 852 |
_aES-MaACL _j2183-F-11 _bR.130616 |
||
| 999 |
_c73444 _d73444 |
||